[Event "Chigorin Memorial 30th"]
[Site "St Petersburg"]
[Date "2023.10.27"]
[Round "7"]
[White "Zaikina, Yuliya"]
[Black "Sudarkina, Ekaterina"]
[Result "0-1"]
[WhiteElo "1720"]
[BlackElo "1494"]
[PlyCount "70"]
[EventDate "2023.10.21"]
[EventType "swiss"]
[EventRounds "9"]
[EventCountry "RUS"]
[SourceTitle "Mega2024 Update 01"]
[Source "Chessbase"]
[SourceDate "2023.11.12"]
[SourceVersion "1"]
[SourceVersionDate "2023.11.12"]
[SourceQuality "1"]

1. e4 e6 2. d4 d5 3. Nc3 Bb4 4. e5 c5 5. a3 Bxc3+ 6. bxc3 Ne7 7. Qg4 Nbc6 8. Qxg7 Rg8 9. Qxh7 cxd4 10. f4 Qa5 11. Ne2 dxc3 12. Qd3 Bd7 13. Rb1 b6 14. Qxc3 Rc8 15. Bd2 Nf5 16. Qd3 Qc5 17. g4 Rxg4 18. Bh3 Rg8 19. Bxf5 exf5 20. Be3 Qe7 21. Qxd5 Qxa3 22. Kf2 Qe7 23. Qd2 Qh4+ 24. Ng3 Na5 25. Rhg1 Nc4 26. Qe2 Nxe3 27. Kxe3 Rg4 28. Rb4 Qe7 29. Rd4 Rc3+ 30. Kf2 Qc5 31. Rgd1 Rxf4+ 32. Kg2 Rxd4 33. Rxd4 Qxd4 34. e6 Bxe6 35. Nxf5 Qd5+ 0-1

[Event "Chigorin Memorial 28th"]
[Site "St Petersburg"]
[Date "2021.10.24"]
[Round "2"]
[White "Kurilov, Amuo"]
[Black "Sudarkina, Ekaterina"]
[Result "1-0"]
[WhiteElo "1889"]
[BlackElo "1439"]
[PlyCount "145"]
[EventDate "2021.10.23"]
[EventType "swiss"]
[EventRounds "9"]
[EventCountry "RUS"]
[SourceTitle "EXT 2023"]
[Source "ChessBase"]
[SourceDate "2022.10.05"]
[SourceVersion "1"]
[SourceVersionDate "2022.10.05"]
[SourceQuality "1"]

1. d4 Nf6 2. c4 e6 3. Nf3 b6 4. g3 Bb7 5. Bg2 Be7 6. 0-0 0-0 7. Nc3 Ne4 8. Qc2 Nxc3 9. bxc3 f5 10. Ne5 Bxg2 11. Kxg2 d6 12. Nd3 Qc8 13. h4 Nd7 14. Bg5 Bf6 15. Nf4 h6 16. Nxe6 hxg5 17. hxg5 Re8 18. d5 Bd8 19. Rh1 Nf8 20. Nd4 Bxg5 21. Rh5 Bf6 22. Rxf5 Bxd4 23. cxd4 g6 24. Rf4 Re7 25. Rh1 Rg7 26. e4 Qe8 27. Qe2 Rd8 28. e5 dxe5 29. dxe5 c6 30. d6 Rh7 31. Rxh7 Kxh7 32. Rh4+ Kg8 33. Qe3 Rd7 34. Qe4 Rh7 35. Rf4 Qe6 36. g4 Rf7 37. Rxf7 Kxf7 38. Kg3 b5 39. cxb5 cxb5 40. Qb7+ Qd7 41. Qd5+ Kg7 42. Qf3 Qe6 43. Qb7+ Qd7 44. Qe4 Qc8 45. Qd4 Kh6 46. Qf4+ Kg7 47. Qf6+ Kg8 48. Qf3 Qe6 49. Qe2 Qd7 50. f4 a6 51. Qe4 Qc8 52. f5 gxf5 53. gxf5 Qc3+ 54. Kf4 Qc1+ 55. Qe3 Qc4+ 56. Qe4 Qf1+ 57. Ke3 Qe1+ 58. Kf3 Qd1+ 59. Qe2 Qd5+ 60. Kf4 Qd4+ 61. Qe4 Qd2+ 62. Qe3 Qb4+ 63. Kf3 Qh4 64. Qf4 Qh1+ 65. Kf2 Qh5 66. e6 Qe8 67. Qg5+ Kh8 68. Qf6+ Kg8 69. e7 Nd7 70. Qg6+ Qxg6 71. fxg6 Nf6 72. d7 Nxd7 73. e8Q+ 1-0